000 00605nam a2200217Ia 4500
005 20260115172813.0
008 008 260114s9999 xx 000 0 eng d
020 _a9781009072571
037 _aEBOOK
040 _aCRL
_beng
_cCRL
041 _aeng
_2eng
084 _qCRL
100 _aBurton/Poster
_9878917
245 4 _aThe Book You Need to Read to Write the Book You Want to Write
260 _bCambridge University Press
260 _bCambridge University Press
260 _c2022
856 _uhttps://doi.org/10.1017/9781009072571
942 _cEBOOK
999 _c1477522
_d1477522